Prt̀ica do Direito Ambiental na Defesa dos Interesses de Empresas Privadas

Detalles Bibliográficos
Autor principal: Marques, Letc̕ia Yumi
Otros Autores: Vaitekunas Zapater, Tiago Cardoso
Formato: eBook
Lenguaje:portugués
Publicado: San Pablo: Letras Jurídicas Editora, 2019
Materias:
Acceso en línea:Acceso restringido

MARC

LEADER 00000nam a22000007a 4500
005 20201022123313.0
007 cr|||| |||
008 201022s2019 br |||||s|||| 00||0 por d
020 |a 978-85-8248-1721 
035 |a 32164 
040 |a vLex 
090 |c 10779  |d 10779 
100 1 |a Marques, Letc̕ia Yumi 
245 1 0 |a Prt̀ica do Direito Ambiental na Defesa dos Interesses de Empresas Privadas  |h [Recurso electrn̤ico] /  |c Letc̕ia Yumi Marques, Tiago Cardoso Vaitekunas Zapater 
256 |a Servicio en ln̕ea 
260 |a San Pablo:  |b Letras Jurídicas Editora,  |c 2019 
300 |a 1 recurso electrn̤ico 
500 |a Para trabalhar com direito ambiental ̌preciso gostar de fazer pesquisa. A busca por informaȯ̂ em um universo onde vigem cerca de 27 mil normas ̌muito semelhante a procurar uma agulha num palheiro. Diferente das outras r̀eas jurd̕icas, j ̀consolidadas, uma r̀ea como a ambiental ainda ̌relativamente carente de material e fontes de pesquisa, especialmente no que diz respeito ̉construȯ̂ de teses jurd̕icas para defesa dos interesses de empresas envolvidas em queste̳s ambientais. 
506 1 |a Disponible solo en los productos indicados  |d vLex Global  |d vLex Global (Academic Edition, excluding Law Schools)  |d vLex Global (U.S. Academic Edition, Law Schools)  |d vLex Global (U.S. Academic Edition, excluding Law Schools)  |d vLex Global (Academic Edition, Law Schools) 
650 0 4 |a Derecho del Medio Ambiente  |z Brasil 
700 1 |a Vaitekunas Zapater, Tiago Cardoso 
740 0 |a vLex Libros (Servicio en ln̕ea) 
856 4 0 |u http://vlex.com/source/pratica-do-direito-ambiental-na-defesa-dos-interesses-de-empresas-privadas-32164  |z Acceso restringido 
942 |c BOOK 
999 0 |a Environmental Law